| 000 | 01139dam2a22002651 4500 | ||
|---|---|---|---|
| 001 | v19\rc\2016028 | ||
| 005 | 20250620015051.0 | ||
| 035 | _a(NLR Aleph) 005119048 | ||
| 090 |
_a7574491 _c7574491 |
||
| 100 | _a20080925d1904 |||y0rusy50 ca | ||
| 101 | 1 |
_arus _cfre |
|
| 102 | _aRU | ||
| 105 | _ay z ||||| | ||
| 200 | 1 |
_aХимия обыденной жизни _eВ 2 ч. |
|
| 210 |
_d1904 _aБ. м. |
||
| 311 | _a9-е беспл. прил. к журн. "Вестник и Б-ка самообразования" 1904, сент. | ||
| 422 | 0 |
_12001#$aВестник и Библиотека самообразования$v1904, сент. _tВестник и Библиотека самообразования |
|
| 461 | 0 |
_1001v19\rc\2016007 _12001#$aБиблиотека самообразования$v9 _97574280 _cСанкт-Петербург _d1903-1908 _nБрокгауз-Ефрон _tБиблиотека самообразования _v9 |
|
| 700 | 1 |
_aАренс _bФ. _gФеликс |
|
| 801 | 0 |
_aRU _bNLR _gpsbo |
|
| 801 | 1 |
_aRU _bProSoft-M _2rusmarc |
|
| 852 |
_aNLR _j45/46 |
||
| 942 | _cBOOK | ||
| 980 | _aNB | ||